Obstáculos a la movilidad profesional y segmentación del mercado laboral, formal versus informal (notice n° 2035507)
[ vue normale ]
| 000 -LEADER | |
|---|---|
| fixed length control field | 01706cam a2200181 4500500 |
| 005 - DATE AND TIME OF LATEST TRANSACTION | |
| control field | 20260405000301.0 |
| 041 ## - LANGUAGE CODE | |
| Language code of text/sound track or separate title | fre |
| 042 ## - AUTHENTICATION CODE | |
| Authentication code | dc |
| 100 10 - MAIN ENTRY--PERSONAL NAME | |
| Personal name | Berhili, Saad-Ellah |
| Relator term | author |
| 245 00 - TITLE STATEMENT | |
| Title | Obstáculos a la movilidad profesional y segmentación del mercado laboral, formal versus informal |
| 260 ## - PUBLICATION, DISTRIBUTION, ETC. | |
| Date of publication, distribution, etc. | 2026.<br/> |
| 500 ## - GENERAL NOTE | |
| General note | 40 |
| 520 ## - SUMMARY, ETC. | |
| Summary, etc. | Teniendo en cuenta que la segmentación del mercado laboral marroquí se manifiesta, en particular, por el predominio del empleo informal precario entre los asalariados, la movilidad profesional reviste una importancia económica y social aún mayor. Gracias a la movilización sin precedentes de dos paneles (uno que recurre a la encuesta sobre el empleo de la Alta Comisaría para la Planificación y otro que recurre al panel de hogares del Observatorio Nacional de Desarrollo Humano), este artículo da cuenta de la movilidad profesional, en particular entre el empleo informal precario y los empleos que dan derecho a la protección social. Teniendo en cuenta las transiciones hacia y desde el desempleo y la inactividad, identifica en particular los factores que obstaculizan dichos cambios, especialmente para los hombres la inserción inicial en un empleo precario y, para las mujeres, la escasez de empleos dignos accesibles, lo que las lleva a preferir la inactividad. Por el contrario, los niveles superiores de formación profesional favorecen el acceso a empleos dignos. |
| 700 10 - ADDED ENTRY--PERSONAL NAME | |
| Personal name | Hanchane, Saïd |
| Relator term | author |
| 700 10 - ADDED ENTRY--PERSONAL NAME | |
| Personal name | Ziroili, Mustapha |
| Relator term | author |
| 786 0# - DATA SOURCE ENTRY | |
| Note | Formation emploi | - | 1 | 2026-02-04 | p. 165-195 | 0759-6340 |
| 856 41 - ELECTRONIC LOCATION AND ACCESS | |
| Uniform Resource Identifier | <a href="https://shs.cairn.info/revista-formation-emploi-2026-1-page-165?lang=es&redirect-ssocas=7080">https://shs.cairn.info/revista-formation-emploi-2026-1-page-165?lang=es&redirect-ssocas=7080</a> |
Pas d'exemplaire disponible.




Réseaux sociaux